00458nam a2200157Ia 4500003000400000008004100004040001600045082001300061100002800074245006600102260004800168300001000216650001700226650003000243650002700273GCL140319s9999 xx 000 0 eng d aGCL / cGCL04a503bO C1 aOXFORD UNIVERSITY PRESS10aCONCISE COLOUR SCIENCE DICTIONARY / cOXFORD UNIVERSITY PRESS a[S.N] : bOXFORD UNIVERSITY PRESS ، c1997 a786 P04aDICTIONARIES04aTECHNOLOGY - DICTIONARIES04aSCIENCE - DICTIONARIES